000 00650nam a2200253Ia 4500
005 20260121114140.0
008 008 260114s9999 xx 000 0 eng d
020 _a9781119553540
037 _aEBOOK
040 _aCRL
040 _beng
040 _cCRL
041 _2eng
041 _aeng
084 _qCRL
100 _aJeff T. Parker
_9971452
245 0 _aCompTIA A+ Complete Practice Tests - Exam Core 1220-1001 and Exam Core 2 220-1002 2e
260 _bWiley
260 _c2019
856 _uhttps://onlinelibrary.wiley.com/doi/book/10.1002/9781119553540
942 _cEBOOK
999 _c1550707
_d1550707